| 000 | 00575nam a22002410a 4500 | ||
|---|---|---|---|
| 001 | PT112 | ||
| 003 | AR-LpoUNG | ||
| 005 | 20210131232843.0 | ||
| 008 | 191001s1995||||ag |||||||||||||||||spa d | ||
| 020 |
_a950037725 _c$17,80 |
||
| 040 |
_aAR-LpoUNG _bspa _cAR-LpoUNG _eaacr |
||
| 041 | _aspa | ||
| 044 | _aag | ||
| 082 | 0 | _aA861 527 | |
| 100 | 1 | _aGirondo, Oliverio | |
| 245 | 1 | 0 | _aPersuasión de los días |
| 260 |
_aBuenos Aires : _bLosada, _c1995. |
||
| 300 |
_a185 p. : _bgráfs. |
||
| 650 | 4 | _aARGENTINA | |
| 650 | 4 | _aLITERATURA | |
| 905 | _a112 | ||
| 942 | _cLIB | ||
| 999 |
_c17817 _d17817 |
||